| 000 | 01279nam a22002657a 4500 | ||
|---|---|---|---|
| 001 | 1310 | ||
| 005 | 20230816101208.0 | ||
| 008 | 230814b cb ||||| |||| 00| 0 khr d | ||
| 020 | _a9789996389863 | ||
| 040 |
_aFISKH _beng _cFISKH _dFISKH |
||
| 082 | _a582.16 | ||
| 100 | _aSamphors, Try | ||
| 245 |
_aមីមី និង ដើមឈើ _cនិពន្ធ និង រូបភាពដោយ ទ្រី សម្ផស្ស |
||
| 260 |
_aPhnom Penh : _bSipar, _c2021. |
||
| 300 |
_a15 pages : _bcolor illustrations ; _c20 cm |
||
| 505 | _aF | ||
| 520 | _aមីមីលេងនៅក្រោមមេឃដ៏ក្ដៅ។ ក្រោយមកម្ដាយរបស់នាងក៏បានឳ្យដើមឈើមួយដើមទៅនាងដាំ ហើយវាក៏បានធំជាម្លប់ដល់មីមី។ | ||
| 520 | _aMeymey plays under the hot sky. Later, her mother gave her a tree to plant, and it grew into a shade for her. | ||
| 521 |
_a310
_bLexile estimate |
||
| 521 |
_aF
_bRaz-Plus |
||
| 650 |
_aអាកាសធាតុក្ដៅ _vដើមឈើ _xលេង |
||
| 650 |
_aHot weather _vTree _xPlay |
||
| 700 |
_aSamphors, Try _cillustrator |
||
| 942 |
_2ddc _cBK _n0 |
||
| 999 |
_c1310 _d1310 |
||